Structural design and analysis of four seater super mushshak aircraft (Record no. 290089)
[ view plain ]
| 000 -LEADER | |
|---|---|
| fixed length control field | 00406 a2200133 4500 |
| 001 - CONTROL NUMBER | |
| control field | 55016 |
| 082 ## - DEWEY DECIMAL CLASSIFICATION NUMBER | |
| Classification number | 629.13432 RIZ / PR 1423 |
| 090 ## - LOCALLY ASSIGNED LC-TYPE CALL NUMBER (OCLC); LOCAL CALL NUMBER (RLIN) | |
| -- | 34127 |
| -- | 34127 |
| 100 ## - MAIN ENTRY--PERSONAL NAME | |
| Personal name | Anees Latif Rana |
| 245 ## - TITLE STATEMENT | |
| Title | Structural design and analysis of four seater super mushshak aircraft |
| 260 ## - PUBLICATION, DISTRIBUTION, ETC. | |
| Place of publication, distribution, etc. | Risalpur |
| Name of publisher, distributor, etc. | Aerospace Engg Dept, CAE NUST, Risalpur |
| Date of publication, distribution, etc. | 2004 |
| 300 ## - PHYSICAL DESCRIPTION | |
| Extent | xii, 106p |
| 500 ## - GENERAL NOTE | |
| General note | MS thesis |
| 942 ## - ADDED ENTRY ELEMENTS (KOHA) | |
| Institution code [OBSOLETE] | NUST-CAE |
| Call number prefix | 629.13432 RIZ / PR 1423 |
| Withdrawn status | Lost status | Damaged status | Not for loan | Collection code | Permanent Location | Current Location | Date acquired | Total Checkouts | Full call number | Barcode | Date last seen | Price effective from | Koha item type |
|---|---|---|---|---|---|---|---|---|---|---|---|---|---|
| College of Aeronautical Engineering (CAE) | College of Aeronautical Engineering (CAE) | 04/03/2017 | 629.13432 RIZ / PR 1423 | CAEG-5607 | 04/05/2017 | 04/05/2017 | Book | ||||||
| College of Aeronautical Engineering (CAE) | College of Aeronautical Engineering (CAE) | 04/03/2017 | 629.13432 RIZ / PR 1423 | CAEPR-1423 | 04/05/2017 | 04/05/2017 | Book | ||||||
| College of Aeronautical Engineering (CAE) | College of Aeronautical Engineering (CAE) | 04/03/2017 | 629.13432 RIZ / PR 1423 | CAEG-5608 | 04/05/2017 | 04/05/2017 | Book |
